Sinopsis de Derecho Penal: parte general

Furkejuvvon:
Bibliográfalaš dieđut
Váldodahkki: Creus, Carlos (Dahkki)
Materiálatiipa: Girji
Giella:espánnjágiella
Almmustuhtton: Rosario Zeus Editora 1977
Preanttus:2a. ed
Fáttát:
Fáddágilkorat: Lasit fáddágilkoriid
Eai fáddágilkorat, Lasit vuosttaš fáddágilkora!

MARC

LEADER 00000cam a2200000 a 4500
001 UCC5758
003 CL-VaPUC
008 181026e19770000ag |||||||||||||||||spa|d
082 0 4 |a 345  |b CRE  |2 21 
100 0 |a Creus, Carlos  |e author  |9 600113 
245 1 0 |a Sinopsis de Derecho Penal: parte general 
250 |a 2a. ed 
300 |a 234 p 
942 |c BK 
945 |d 20181026 16:22:00  |a dcastane 
260 |a Rosario  |b Zeus Editora  |c 1977 
650 0 |a Derecho penal argentino  |9 473868 
650 7 |a CODIGO PENAL ARGENTINO  |2 CL-VaPUC  |9 463562 
583 |a last modification  |c 20181026 16:22:00  |k Rodrigo Vera 
999 |c 372872  |d 372870 
952 |0 0  |1 0  |3 erb  |4 0  |6 345_000000000000000_CRE_1977  |7 0  |8 A  |9 490746  |a BIBDER  |b BIBDER  |e Mateluna Arestizabal, Alfredo Sergio  |i 5491878  |o 345 CRE 1977  |p 5491878  |r 2023-01-25  |w 2019-11-24  |y BK  |z Catalogado en:20181026  |k DER